| Поле | Инд. | ПП | Название | Значение |
|---|---|---|---|---|
| Тип записи | a | |||
| Библиографический уровень | m | |||
| 001 | Контрольный номер | 53c15650-91df-42df-b225-e1e54a3e832e | ||
| 005 | Дата корректировки | 20140226203428.7 | ||
| 008 | Кодируемые данные | 990909 d | ||
| 020 | c | Цена, тираж | 2.00 | |
| 040 | a | Служба первич. каталог. | НБ ТвГУ | |
| 041 | a | Код языка текста | rus | |
| 080 | a | Индекс УДК | 531(075.8) | |
| 084 | a | Индекс другой классификации/Индекс ББК | В21я731-1 | |
| 090 | c | Каталожный индекс | В21я731-1 | |
| x | Авторский знак | С87 | ||
| a | Полочн. индекс | В21 | ||
| 245 | 0_ | a | Заглавие | Структурные карты по курсу "Теоретическая механика" для студентов физического и математического факультетов |
| c | Ответственность | Калинингр. гос. ун-т; [Сост.: М.В. Локтионов, А.Я. Шпилевой] | ||
| 260 | 0_ | a | Место издания | Калининград |
| b | Издательство | Изд-во Калинигр. ун-та | ||
| c | Дата издания | 1997 | ||
| 300 | a | Объем | 25 с. | |
| b | Иллюстрации/ тип воспроизводства | табл. | ||
| 504 | a | Библиография | Библиогр.: с.25. | |
| 583 | a | Действие | Получение впервые 251 07.04.99 | |
| k | Исполнитель действия | Обмен | ||
| 650 | a | Основная рубрика | Механика теоретическая | |
| x | Основная подрубрика | Учебники для вузов | ||
| 653 | a | Ключевые слова | Механика | |
| a | Ключевые слова | Теоретическая механика | ||
| 700 | 1_ | a | Другие авторы | Локтионов Михаил Васильевич |
| e | Роль лиц | сост. | ||
| 700 | 1_ | a | Другие авторы | Шпилевой Алексей Яковлевич |
| e | Роль лиц | сост. | ||
| 852 | t | Порядковый номер экземпляра | 1 | |
| p | Инвентарный номер | 708726 | ||
| 888 | a | Бесплатные | ||
| 952 | p | 251.99 2.00 1 708726 | ||
| c | Вид литературы | К ру | ||
| 954 | a | Дата поступления на обработку | 19990408 | |
| 999 | a | Подразделение 2 | Фил3 |